Southville International School and Colleges
Your cart is empty.
  • Cart
  • Lists
    Public lists Eva Luna New books Lux_list list_1
    Your lists Log in to create your own lists
  • Log in to your account
  • Your cookies
  • Search history
Southville International School and Colleges
  • Advanced search
  • Recent comments
  • Most popular
  • Libraries

Log in to your account

Log in with GOOGLE


If you do not have an external account, but do have a local account, you can still log in:

  1. Home
  2. MARC view: Experiments in animal physchology /
Normal view MARC view ISBD view

Experiments in animal physchology / (Record no. 115609)

[ view plain ]
MARC details
000 -LEADER
fixed length control field 00529nam a2200181Ia 4500
008 - FIXED-LENGTH DATA ELEMENTS--GENERAL INFORMATION
fixed length control field 140429s9999 xx 000 0 und d
020 ## - INTERNATIONAL STANDARD BOOK NUMBER
International Standard Book Number 9789715848329
050 ## - LIBRARY OF CONGRESS CALL NUMBER
Classification number QP 33
Item number .P741 2009
100 ## - MAIN ENTRY--PERSONAL NAME
Personal name Pocsidio, Glorina N.
245 ## - TITLE STATEMENT
Title Experiments in animal physchology /
Statement of responsibility, etc Glorina N. Pocsidio.
260 ## - PUBLICATION, DISTRIBUTION, ETC. (IMPRINT)
Place of publication, distribution, etc Manila :
Name of publisher, distributor, etc C & E Pub. Inc.,
Date of publication, distribution, etc c2009.
300 ## - PHYSICAL DESCRIPTION
Extent 191 p. :
Dimensions 26 cm.
500 ## - GENERAL NOTE
General note Includes bibliographical references.
521 ## - TARGET AUDIENCE NOTE
Target audience note
650 ## - SUBJECT ADDED ENTRY--TOPICAL TERM
Topical term or geographic name as entry element Physiology, Comparative.
942 ## - ADDED ENTRY ELEMENTS (KOHA)
Call number prefix Local
Koha item type Books

No items available.

Experiments in animal physchology /

APA

Pocsidio G. N., . (2009). Experiments in animal physchology. Manila: C & E Pub. Inc.

Chicago

Pocsidio Glorina N, . 2009. Experiments in animal physchology. Manila: C & E Pub. Inc.

Harvard

Pocsidio G. N., . (2009). Experiments in animal physchology. Manila: C & E Pub. Inc.

MLA

Pocsidio Glorina N, . Experiments in animal physchology. Manila: C & E Pub. Inc. 2009.

  • Print
  • Cite
  • Add to your cart (remove)
  • Save record
    BIBTEX Dublin Core MARCXML MARC (non-Unicode/MARC-8) MARC (Unicode/UTF-8) MARC (Unicode/UTF-8, Standard) MODS (XML) RIS
  • More searches
    Search for this title in:
    Other Libraries (WorldCat) Other Databases (Google Scholar) Online Stores (Bookfinder.com) Open Library (openlibrary.org)

Exporting to Dublin Core...

SOUTHVILLE LIBRARY

Southville International School and Colleges Library

1281 Tropical Ave. Cor. Luxembourg St., BF Homes International, Las Pinas City

Tel. No. 8256374 / 252358 Loc. 117/146

Powered by Koha